Computers in the medical office

The medical office billing process -- Information technology and hipaa -- Introduction to MediSoft -- Entering patient information -- Entering insurance, account, and condition information -- Entering charge transactions and patient payments -- Creating claims -- Posting insurance payments and creat...

Ausführliche Beschreibung

Gespeichert in:
Bibliographische Detailangaben
1. Verfasser: Sanderson, Susan M.
Format: Buch
Sprache:English
Veröffentlicht: Boston McGraw Hill Higher Education 2009
Ausgabe:6th ed.
Schlagworte:
Tags: Tag hinzufügen
Keine Tags, Fügen Sie den ersten Tag hinzu!
Thư viện lưu trữ: Mạng thư viện Đại học Đà Nẵng
LEADER 01832nam a2200385 4500
001 000018566
003 14998
005 20131204161235.0
008 131125s2009 engsd
020 |a 0073401994 (alk. paper)  |a 9780073401997 (alk. paper) 
041 0 |a eng 
082 0 0 |a 651.9610285  |b SA-S 
100 1 |a Sanderson, Susan M. 
245 1 0 |a Computers in the medical office  |c Susan M. Sanderson. 
250 |a 6th ed. 
260 |a Boston  |b McGraw Hill Higher Education  |c 2009 
300 |a xxii, 394 p.  |b col. ill.  |c 28 cm. 
500 |a Includes indexes. 
520 3 |a The medical office billing process -- Information technology and hipaa -- Introduction to MediSoft -- Entering patient information -- Entering insurance, account, and condition information -- Entering charge transactions and patient payments -- Creating claims -- Posting insurance payments and creating patient statements -- Printing reports -- Collections in the medical office -- Scheduling -- Handling patient records and transactions -- Setting up appointments -- Printing lists and reports -- Putting it all together. 
650 0 |a Medical offices  |x Automation 
650 1 2 |a Office Automation  |v Problems and Exercises. 
650 1 2 |a Practice Management, Medical  |v Problems and Exercises. 
653 |a MediSoft. 
653 |a Software 
653 |a Tin học văn phòng 
OWN |a LSP 
AVA |a UDN50  |b LSP  |d 651.9610285 SA-S  |e available  |t Error 5001 Not defined in file expand_doc_bib_avail.  |f 1  |g 0  |h N  |i 0  |k 1 
999 |a From the UDN01 
AVA |a UDN50  |b LSP  |d 651.9610285 SA-S  |e available  |t Error 5001 Not defined in file expand_doc_bib_avail.  |f 1  |g 0  |h N  |i 0  |k 1 
TYP |a Monograph 
TYP |a Printed language 
980 |a Mạng thư viện Đại học Đà Nẵng